Normal view
MARC view
- السنيد، أبو عبدالله فهد بن عبدالله
Entry Personal Name
001 - CONTROL NUMBER
- control field: 19011
003 - CONTROL NUMBER IDENTIFIER
- control field: JO-AjAnu
005 - DATE AND TIME OF LATEST TRANSACTION
- control field: 20230606073329.0
008 - FIXED-LENGTH DATA ELEMENTS
- fixed length control field: 230606|| aca||aabn | a|a d
040 ## - CATALOGING SOURCE
- Original cataloging agency: JO-AjAnu
- Transcribing agency: JO-AjAnu
100 ## - HEADING--PERSONAL NAME
- Personal name: السنيد، أبو عبدالله فهد بن عبدالله
670 ## - SOURCE DATA FOUND
- Source citation: Work cat.: (JO-AjAnu)9755: السنيد، أبو عبدالله فهد بن عبدالله, author, الإعلام في إيضاح ما خفى على الإمام: تعقبيات حديثة على الشيخ محمد ناصر الدين الألباني مع نقولات في الرجال لسماحة المفتي العام الشيخ عبد العزيز بن باز